|
|
|
|
| LEADER |
00000cam a22000004a 4500 |
| 001 |
musev2_70822 |
| 003 |
MdBmJHUP |
| 005 |
20230905051311.0 |
| 006 |
m o d |
| 007 |
cr||||||||nn|n |
| 008 |
080318t19981998ncu o 00 0 eng d |
| 020 |
|
|
|a 9780822382775
|
| 020 |
|
|
|z 9780822322146
|
| 020 |
|
|
|z 9780822321859
|
| 035 |
|
|
|a (OCoLC)1119586252
|
| 040 |
|
|
|a MdBmJHUP
|c MdBmJHUP
|
| 100 |
1 |
|
|a Schlag, Pierre,
|e author.
|
| 245 |
1 |
4 |
|a The Enchantment Of Reason /
|c Pierre Schlag.
|
| 264 |
|
1 |
|a London :
|b Duke University Press,
|c 1998.
|
| 264 |
|
3 |
|a Baltimore, Md. :
|b Project MUSE,
|c 2020
|
| 264 |
|
4 |
|c ©1998.
|
| 300 |
|
|
|a 1 online resource (172 pages).
|
| 336 |
|
|
|a text
|b txt
|2 rdacontent
|
| 337 |
|
|
|a computer
|b c
|2 rdamedia
|
| 338 |
|
|
|a online resource
|b cr
|2 rdacarrier
|
| 505 |
0 |
|
|a Introduction: Following the letter of the law -- Faith in the power of reason -- When reason runs out -- The arguments for reason -- Predicaments of reason -- Divine deceptions -- The legal self -- Epilogue: Reason without end.
|
| 520 |
|
|
|a A critique of legal scholarship and the way reason is used and deified in law, by one of the most controversial legal scholars now writing.
|
| 588 |
|
|
|a Description based on print version record.
|
| 650 |
|
7 |
|a Law
|x Methodology.
|2 fast
|0 (OCoLC)fst00993777
|
| 650 |
|
7 |
|a Law
|x Interpretation and construction.
|2 fast
|0 (OCoLC)fst00993756
|
| 650 |
|
7 |
|a POLITICAL SCIENCE
|x General.
|2 bisacsh
|
| 650 |
|
7 |
|a LAW
|x Administrative Law & Regulatory Practice.
|2 bisacsh
|
| 650 |
|
6 |
|a Droit
|z États-Unis
|x Interpretation.
|
| 650 |
|
6 |
|a Droit
|z États-Unis
|x Methodologie.
|
| 650 |
|
0 |
|a Law
|z United States
|x Interpretation and construction.
|
| 650 |
|
0 |
|a Law
|z United States
|x Methodology.
|
| 651 |
|
7 |
|a United States.
|2 fast
|0 (OCoLC)fst01204155
|
| 655 |
|
7 |
|a Electronic books.
|2 local
|
| 710 |
2 |
|
|a Project Muse.
|e distributor
|
| 830 |
|
0 |
|a Book collections on Project MUSE.
|
| 856 |
4 |
0 |
|z Texto completo
|u https://projectmuse.uam.elogim.com/book/70822/
|
| 945 |
|
|
|a Project MUSE - Custom Collection
|